00564nam a2200205Ia 4500003000900000008004100009040001300050040001300063041000800076100002100084100000900105245015500114250001100269260001400280260000900294300001100303300001000314490002800324490000600352IT-RoPAU120407s9999 xx 000 0 und d aIT-RoPAU cIT-RoPAU aita aMario Gargantini ccur. aPapi (I) e la scienza. Antologia del magistero della Chiesa sulla questione scientifica da Leone XIII a Giovanni Paolo II. A cura di Mario Gargantini. aMilano aJaca Book c1985 a272 p. c23 cm aGià e non ancora, 122 v1